000 00544nam a2200181Ia 4500
003 OSt
005 20210104112126.0
008 190216s9999||||xx |||||||||||||| ||und||
020 _a9788182643925
040 _coclc
082 _a894.8121
_bKAR/K
100 _aKarunanidhi, Kanimozhi
_97560
245 0 _aKanimozhikkavithakal /
_cKanimozhi karunanidhi
260 _bMathrubhumi Printing & publishing,
_aKozhikode:
_c2006.
300 _a76p
650 _aKavithkal
942 _cBK
_2ddc
_h894.8121
_iKAR/K
_k894.8121
_mKAR/K
999 _c29361
_d29361